El protocolo en las comidas /

Colección que concibe al protocolo como un campo de estudio y acción que, más allá de las buenas maneras, constituye un marco normativo y orientador para garantizar una interacción social pacífica en la vida cotidiana. Para ello, aborda el protocolo en relación con eventos particulares, como ceremon...

Descripción completa

Guardado en:
Detalles Bibliográficos
Autor principal: Muiños Morales, María del Pilar (ed.)
Formato: Libro
Idioma:Español
Publicado: Madrid, España : Escuela Internacional de Protocolo, Ediciones Protocolo, 2004, c2004
Colección:(Area de Formación ; 4)
Temas:
Etiquetas: Agrega una etiqueta
Sin etiquetas, Sé el primero en etiquetar este registro!

MARC

LEADER 00000nam^a2200000^a^4500
001 000269504
005 20250521000000.0
008 071108 20042004
009 20260310110926.492
020 |a 84-95789-03-5 
037 |a Acervo ITESO - Biblioteca 
041 |a ESP 
082 |a 395.  |b ARE V. 4 
100 |a Muiños Morales, María del Pilar  |e (ed.) 
245 1 3 |a El protocolo en las comidas /  |c Ed. de M.P. Muiños Morales. 
264 4 |a Madrid, España :  |b Escuela Internacional de Protocolo, Ediciones Protocolo,  |c 2004, c2004 
300 |a 224 p. 
336 |a texto  |b txt  |2 rdacontenido 
337 |a sin mediación  |b n  |2 rdamedio 
338 |a volumen  |b nc  |2 rdasoporte 
440 1 |a (Area de Formación ;  |v 4) 
520 |a Colección que concibe al protocolo como un campo de estudio y acción que, más allá de las buenas maneras, constituye un marco normativo y orientador para garantizar una interacción social pacífica en la vida cotidiana. Para ello, aborda el protocolo en relación con eventos particulares, como ceremonias reales, congresos y seminarios, banquetes, etc.; y en espacios de vida diversos, por supuesto el mundo oficial y la diplomacia, pero también las religiones, los deportes, etc. 
649 |a XX 
650 |a Banquetes -  |x Aspectos Sociales y Culturales -  |x Tema Principal 
650 |a Mesa -  |x Arreglo y Decoración 
650 |a Cartas (Menú) 
650 |a Fiestas 
650 |a Protocolo -  |x Tema Principal 
650 |a Ceremonias (Protocolo) 
650 |a Etiqueta (Urbanidad) 
650 |a Comportamiento Social 
650 |a Comunicación Institucional 
650 |a Comunicación Personal 
650 |a Interacción Social 
650 |a Relaciones Públicas 
910 |a Fondo General 
920 |a Impresos - Libros 
930 |a Colección General 
905 |a 101 
901 |a 0500154412  |b IT1  |c ACC  |u 20250521 
902 |a https://opac.biblio.iteso.mx/vufind/Record/000269504